| 000 | 01454nam a2200265Ia 4500 | ||
|---|---|---|---|
| 001 | 19852 | ||
| 003 | GE_BSU | ||
| 008 | 181216s||||||||xx |||||||||||||| ||und|| | ||
| 020 | _a9789941916069 | ||
| 040 | _cGE_BSU | ||
| 080 | _a02 | ||
| 100 | _aრობერტსონი,ა. დებორა | ||
| 245 | _aკულტურის პროგრამები ბიბლიოთეკებისათვის: ბიბლიოთეკების, საზოგადოებისა დაკულტურის დაკავშირება | ||
| 245 | _cინგ. თარგმნ. მაია სიმონიშვილმა. რედ. ლეილა ზამბახიძე. ლაშა გველესიანი. ლილი საყვარელიძე | ||
| 260 | _aთბილისი | ||
| 260 | _bსაქ. საბიბლიოთეკო ასოციაცია | ||
| 260 | _c2010 | ||
| 300 | _a136გვ.29სმ. | ||
| 300 | _eბიბლ.გვ.132-134 | ||
| 541 | _h5ლ.25თ. | ||
| 653 | _aბიბლიოთეკარი | ||
| 653 | _aკულტურის პროგრამები ბიბლიოთეკებისათვის: ბიბლიოთეკების, საზოგადოებისა დაკულტურის დაკავშირება | ||
| 653 | _aქსეროქსი | ||
| 942 | _cBK | ||
| 999 |
_c52822 _d52822 |
||